Sex Education season 3 quiz - Statistics

General Stats
  • This quiz has been taken 506 times
  • The average score is 18 of 31
Answer Stats
Hint Answer % Correct
Male main character Otis
100%
Female main character Maeve
96%
Bestfriend of the above Eric
92%
Took the blame for throwing the poo Adam
91%
Daughter of the above Ola
87%
Tries to tell Otis what to wear to school Ruby
87%
Owns a pet goat Aimee
86%
Pregnant character Jean
85%
Former head boy Jackson
84%
Father of the child (or is he?) Jakob
76%
Girl who believes in aliens Lily
76%
Guy who paints with his mouth Isaac
68%
New headteacher at Moordale Hope
62%
Threw poo out of a coach window Rahim
62%
Aimee breaks up with this person Steve
52%
Maeve's mum Erin
51%
Former headteacher at Moordale Michael
50%
Girl who always chews on gum Olivia
47%
Head girl who took his job Vivienne
45%
American who moved to Moordale Cal
44%
Newborn baby at the end Joy
44%
Allergic to strawberry flavored condoms Anwar
41%
Maeve's sister Elsie
39%
Adam's mum Maureen
38%
Sad because her cat died Cynthia
34%
Labels himself as the sex king Kyle
34%
Person who fosters the above Anna
33%
Partner of the above Emily
30%
Music teacher Colin
29%
Partner of the above also a drug dealer Jeffrey
23%
Brother of Isaac Joe
20%
No matching quizzes found
Score Distribution
Percent of People with Each Score
Percentile by Number Answered
Your Score History
You have not taken this quiz